000
00337pab a2200145 454500
008
180718b1985 xxu||||| |||| 00| 0 eng d
100
_a
Bhattacharya, A.C.
245
_a
Management control - theory and operation
260
_c
1985
300
_a
3-7
362
_a
July
650
_a
Management
773
_a
Lok Udyog
909
_a
12967
999
_c
12967
_d
12967